| 000 | 00779nam a2200265 a 4500 | ||
|---|---|---|---|
| 003 | AR-BaBNM | ||
| 005 | 20251128203804.0 | ||
| 008 | 082120s2002 ||||||||||||||000 | spa|| | ||
| 040 | _cAR-BaBNM | ||
| 100 | 1 | _aWillgoose, Carl E. | |
| 245 | 0 | 0 | _aEnseñanza de higiene |
| 250 | _a2ª ed. | ||
| 260 |
_aMéxico, D.F. _bCentro Regional de Ayuda Técnica. Agencia para el Desarrollo Internacional _c1965 |
||
| 300 |
_axiii, 326 p. _bil., gráfs. |
||
| 500 | _aApéndice p. 309-315 | ||
| 650 | 4 | _aMETODOS DE ENSEÑANZA | |
| 650 | 4 | _aSERVICIOS DE SALUD | |
| 650 | 4 | _aDESARROLLO DEL NIÑO | |
| 650 | 4 | _aAUXILIARES AUDIOVISUALES | |
| 653 | _aEDUCACION PARA LA SALUD | ||
| 653 | _aEDUCACION PRIMARIA | ||
| 700 | 1 |
_aPares, Nuria _etraductor |
|
| 942 | _cBK | ||
| 998 | _cCarmen | ||
| 999 |
_c4952 _d4952 |
||